| 000 | 00871nas a2200301 4500 | ||
|---|---|---|---|
| 001 | BR9207768 | ||
| 003 | BR-BrBNA | ||
| 005 | 20231205093038.0 | ||
| 007 | ta | ||
| 008 | 230509b bl.|||p| |||| 00| 00por d | ||
| 040 |
_aBR-BrBNA _bpor _cBiblioteca Nacional de Agricultura |
||
| 041 | _a(Pt) | ||
| 072 | _aF02 | ||
| 100 | 1 | _aGadelha, J.A. | |
| 100 | 1 | _aSilva, A.V. da | |
| 100 | 1 | _aPereira, R.M. | |
| 100 | 1 | _aFreire, M.F. | |
| 245 | 1 | _aEfeito do feno de rami Boehmeria nivea Gaud., na pigmentacao da gema do ovo | |
| 650 | _aAVE DOMESTICA | ||
| 650 | _aRAMI | ||
| 650 | _aNUTRICAO ANIMAL | ||
| 650 | _aPIGMENTACAO | ||
| 650 | _aGEMA DE OVO | ||
| 650 | _aCOR | ||
| 773 | 0 |
_tRevista da Sociedade Brasileira de Zootecnia (Brazil) _xISSN 0100-4859 _g(1972), v. 1(1) p. 24-30 _wBR9207768 |
|
| 909 |
_a202311 _bLúcia _c55 _dLúcia Elande |
||
| 942 |
_2AGRIS _n0 _cANA |
||
| 999 |
_c135852 _d135852 |
||